Con Cervantes

Saved in:
Bibliografiske detaljer
Hovedforfatter: Azorín Martínez Ruiz, José (autor)
Format: Bog
Sprog:spansk
Udgivet: Buenos Aires Espasa-Calpe 1947
Serier:Colección Austral
Fag:
Tags: Tilføj Tag
Ingen Tags, Vær først til at tagge denne postø!

MARC

LEADER 00000nam a2200000 a 4500
001 UCY8326
003 CL-VaPUC
008 950703e19470000AG |||||||||||||||||spa|d
082 0 4 |a 864  |b AZO  |2 21 
100 |a Azorín  |e autor  |q Martínez Ruiz, José  |9 863023 
245 1 0 |a Con Cervantes 
300 |a 210 p 
942 |c BK 
945 |d 19950703 00:00:00  |a rbrito 
260 |a Buenos Aires  |b Espasa-Calpe  |c 1947 
600 0 |a Cervantes y Saavedra, Miguel de  |9 267947 
650 0 |a Ensayos españoles  |9 313128 
583 |a last modification  |c 19950703 00:00:00  |k Rodrigo Vera 
490 0 |a Colección Austral 
999 |c 235594  |d 235592 
952 |0 0  |1 0  |4 0  |6 864_000000000000000_AZO_1947  |7 0  |8 A  |9 243123  |a BIBEDU  |b BIBEDU  |d 2019-11-18  |i 3101215  |o 864 AZO 1947  |p 3101215  |r 2019-11-18  |w 2019-11-18  |y BK  |k LIT 
952 |0 0  |1 0  |4 0  |6 864_000000000000000_AZO_1947  |7 0  |8 A  |9 243124  |a BIBEDU  |b BIBEDU  |d 2019-11-18  |i 1337483  |o 864 AZO 1947  |p 1337483  |r 2019-11-18  |w 2019-11-18  |y BK  |k LIT